Vista normal Vista MARC

Entrada Materia (personas)

Número de registros utilizados en: 1

001 - CONTROL NUMBER

  • control field: 163526

003 - CONTROL NUMBER IDENTIFIER

  • control field: Co-BoUCM

005 - DATE AND TIME OF LATEST TRANSACTION

  • control field: 20211111074621.0

008 - FIXED-LENGTH DATA ELEMENTS

  • fixed length control field: 211111|| aca||aabn | a|a d

040 ## - CATALOGING SOURCE

  • Original cataloging agency: Co-BoUCM
  • Transcribing agency: Co-BoUCM

100 ## - HEADING--PERSONAL NAME

  • Personal name: Macía Morillo, Andrea

670 ## - SOURCE DATA FOUND

  • Source citation: Work cat.: (Co-BoUCM)52851: Macía Morillo, Andrea, La responsabilidad médica por los diagnósticos preconceptivos y prenatales las llamadas acciones de wrongful birth y wrongful life, 2005